El costo de ser pobre de tiempo /

Đã lưu trong:
Chi tiết về thư mục
Tác giả chính: Damián, Araceli
Định dạng: Texto
Những chủ đề:
Các nhãn: Thêm thẻ
Không có thẻ, Là người đầu tiên thẻ bản ghi này!

MARC

LEADER 00000 a a2200000 04500
001 5372
003
040
100 |a Damián, Araceli  
245 |a El costo de ser pobre de tiempo /  |c Araceli Damián 
650 |a BIENESTAR SOCIAL  
650 |a BIENESTAR DE LA FAMILIA  
650 |a SOCIALIZACION  
650 |a POBREZA  
650 |a INSTRUMENTOS DE MEDICION  
773 |g número 334; páginas 48-60  
999 |c 30136  |d 30136